[Event "Charity Cup MCCT Prel 2022"]
[Site "Online"]
[Date "2022.03.15"]
[Round "4.2"]
[White "Le, Quang Liem"]
[Black "Anton Guijarro, David"]
[Result "1-0"]
[WhiteElo "2709"]
[BlackElo "2691"]
[Annotator "TA"]
[PlyCount "85"]
[EventDate "2022.03.18"]
[EventType "tourn"]
[EventCountry "NET"]
[SourceTitle "playchess.com"]
[Source "ChessBase"]
[SourceQuality "1"]

{[%evp 12,85,20,25,22,0,0,0,0,0,0,0,0,0,0,0,0,0,4,7,0,7,9,2,5,16,10,12,17,36,35,29,25,24,77,89,566,553,534,532,495,167,154,154,287,247,722,720,29977,29976,29991,404,377,251,337,8,112,123,701,684,625,604,29996,29997,29997,29959,29961,29963,11854,5820,5618,5590,1125,5161,993,778]} 1. d4 d5 2. c4 e6 3. Nf3 dxc4 4. e3 Nf6 5. Bxc4 a6 6. O-O c5 7. b3 Nbd7 {D27: Queen's Gambit Accepted: Classical main line: 7 e4!? and 7 a4.} 8. Ba3 $5 {[%mdl 4] Leaves trodden paths.} b5 9. Be2 Bb7 {The position is equal.} 10. Nbd2 {[%cal Bb1d2,Bd2c4,Bc4e5,Be5c6][%mdl 32]} Rc8 11. Bb2 Be7 12. a4 b4 {[#]} 13. Nc4 $146 ({Predecessor:} 13. Rc1 O-O 14. Bc4 Qa5 15. Qe2 Nd5 16. e4 Nc3 17. Qe1 cxd4 18. Nxd4 {1-0 (58) Macura,E (2002)-Urban,V (1974) Czech Republic 2014}) 13... O-O 14. Rc1 Bd5 15. Nfe5 cxd4 16. Bxd4 Nxe5 17. Nxe5 Rxc1 18. Qxc1 Qa8 {Prevents Nc6.} (18... Bxb3 $2 19. Nc6 Qe8 20. Nxe7+ Qxe7 21. Bc5 $18) 19. Qc7 Bd8 20. Qd6 {[%csl LRa6,LRb4]} Bxg2 21. Rc1 Bb7 22. Nc6 Nd5 (22... a5 $11 {keeps the balance.}) 23. Bf3 $1 $16 {[%cal Od6g3] Qg3! is the strong threat. White is much more active.} ({Much worse is} 23. Nxb4 Nxb4 24. Qxb4 (24. Bc5 Bf6 $15) 24... Bf3 $11) 23... Nc3 $2 {[%mdl 8192] [#]} (23... Bc7 $16 24. Qd7 Bxc6 25. Qxc6 Qb8) 24. Qe5 $1 $18 {[%csl Gd4][%cal Re5g7]} f6 25. Qxe6+ Kh8 26. Bxc3 $2 (26. Bc5 Ba5 27. Bxf8 (27. Nxa5 Bxf3 28. Bxf8 Qxf8 $14) 27... Qxf8 28. Qd7 (28. Nxa5 Bxf3 29. Kf1 Qa8 $14) 28... Bxc6 29. Qxc6) 26... bxc3 27. Rxc3 Ba5 {[#]} (27... a5 $16 {was called for.} 28. Be4 Bxc6 29. Rxc6 Qa7) 28. Rc4 $1 {Strongly threatening b4.} (28. Nxa5 Bxf3 29. Nc4 Bh1 $11) 28... f5 $2 (28... Bb6 29. Bd5 Qe8 30. Qxe8 Rxe8) 29. Ne5 {[%cal Oe5g6] Intending Ng6+! and mate.} (29. Nxa5 Bxf3 30. Nc6 f4 $16) 29... g6 {[#]} 30. Nxg6+ $1 {[%mdl 512]} hxg6 (30... Kg7 31. Nxf8) 31. Qxg6 (31. Qe5+ $142 Kg8 32. Rh4 Bc3 33. Rh8+ Kf7 34. Rh7+ Kg8 35. Rg7+ Kh8 36. Qxc3 Qc8 37. Rc7+ Rf6 38. Qxf6+ Kg8 39. Qg7#) 31... Bd8 {aiming for ...Rg8.} 32. Qh6+ Kg8 33. Be2 $40 {[%mdl 128] White mounts an attack.} (33. Rd4 $18 {White wants to mate with Rd7.} Rf7 34. Bxb7 Rxb7 35. Qe6+ Kf8 36. Qd6+ (36. Qxf5+ Rf7 $16) 36... Kf7 37. Qd5+ Kf8 38. Qxd8+ Qxd8 39. Rxd8+ Ke7 40. Ra8) 33... Rf7 {[#]} (33... Bd5 $1 $11) 34. Rd4 $1 $16 {Bc4 would kill now. Chess con chili.} Bf6 $2 {[%mdl 8192]} (34... Bd5 $16) 35. Bc4 $1 $18 {[%csl LRf6,LRf7]} Bxd4 36. Qg6+ {[%mdl 64] Pin, Double Attack} Bg7 37. Qxf7+ Kh7 38. Qh5+ Bh6 39. Qxf5+ Kh8 40. Qf6+ (40. Qe5+ $142 Kh7 41. Bd3+ Kg8 42. Qe6+ Kg7 43. Qg6+ Kf8 44. Qxh6+ Ke8 45. Qe6+ Kf8 46. Bc4) 40... Kh7 41. Bd3+ Be4 42. Qe7+ Kh8 43. Bxe4 {Weighted Error Value: White=0.47/Black=0.79} 1-0

[Event "Charity Cup MCCT Prel 2022"]
[Site "Online"]
[Date "2022.03.15"]
[Round "4.3"]
[White "Ju, Wenjun"]
[Black "Van Foreest, Jorden"]
[Result "1/2-1/2"]
[WhiteElo "2560"]
[BlackElo "2702"]
[Annotator "TA"]
[PlyCount "263"]
[EventDate "2022.03.18"]
[EventType "tourn"]
[EventCountry "NET"]
[SourceTitle "playchess.com"]
[Source "ChessBase"]
[SourceQuality "1"]

{[%evp 12,263,16,-7,29,32,22,16,41,33,27,29,31,23,25,22,23,28,44,18,37,28,24,0,3,7,0,0,0,0,41,14,52,12,38,21,15,25,19,0,19,18,70,30,36,0,87,81,90,89,92,0,0,0,0,0,0,0,83,79,100,100,100,93,95,95,100,100,100,100,103,84,107,90,107,107,107,107,107,107,107,107,107,107,107,107,107,107,107,107,107,107,107,107,107,107,107,107,107,107,107,107,107,107,107,107,107,107,107,27,27,27,27,27,27,0,33,27,27,27,78,36,62,85,92,92,92,92,92,92,92,36,85,92,92,0,0,0,92,0,92,92,92,92,92,92,92,92,100,0,0,0,0,0,0,0,0,0,0,0,0,0,0,0,0,0,0,0,0,0,0,0,0,0,0,0,0,0,0,0,0,0,0,0,0,0,0,0,0,0,0,0,0,0,0,0,0,0,0,0,0,0,0,0,0,0,0,0,0,0,0,0,0,0,42,0,0,0,0,0,0,0,199,0,0,0,0,0,0,0,0,0,0,0,0,0,0,0,0,0,0,0,0,0,0,0,0,0,0,0,0,0,0,0]} 1. d4 Nf6 2. c4 e6 3. Nc3 Bb4 4. e3 O-O 5. Bd3 d5 6. Nf3 dxc4 $1 {[%mdl 4] is recently more successful than 6...c5.} 7. Bxc4 a6 {E51: Nimzo-Indian: Rubinstein: 4...0-0 5 Nf3 d5.} 8. O-O b5 9. Be2 Bb7 10. a4 bxa4 11. Nxa4 {[#]} Nbd7 $146 ({Predecessor:} 11... Qe7 12. Bd2 a5 13. Bxb4 Qxb4 14. Qc2 Na6 15. Rfc1 Be4 16. Qc3 Nd5 17. Qxb4 Naxb4 {1-0 (62) Damljanovic,B (2548)-Vasovski,N (2290) Stip 2002}) 12. Bd2 (12. Ne1 {looks sharper.} Qe7 13. Nd3 Bd6 14. b4 a5 15. Ndc5) 12... a5 13. Bxb4 axb4 14. Nd2 Qe7 15. Qc2 (15. Rc1 $5 {[%cal Rc1c7]}) 15... Rfc8 16. Nb3 Be4 17. Bd3 Bxd3 18. Qxd3 e5 19. Nac5 Nxc5 20. Nxc5 h6 (20... Rxa1 $11 21. Rxa1 Rd8) 21. Qc4 exd4 {...Rxa1 is the strong threat.} 22. Qxd4 Rab8 23. h3 Rd8 24. Qc4 Rb6 25. Rfc1 Qe5 26. Nd3 Qe7 (26... Qd5 $11 27. Nxb4 (27. Qxc7 $2 Rb7 $19) 27... Qxc4 28. Rxc4 c5) 27. Ra7 (27. Ra5 $5 {[%cal Rd3e5]}) 27... Ne8 $1 28. Raa1 Nd6 (28... Nf6 $11) 29. Qc5 $1 $16 (29. Qxc7 $2 Qxc7 30. Rxc7 Nb5 $17) 29... b3 30. Nf4 $36 {[%mdl 2048] Threatens to win with Nd5. White is in control.} ({Don't go for} 30. Qxc7 $2 Qxc7 31. Rxc7 Nb5 $19) 30... Rb7 31. Nd5 {Inhibits Qf6.} (31. Ra4 $16) 31... Qe5 $11 32. Rab1 c6 33. Nf4 Qxc5 34. Rxc5 Rb6 (34... Ne4 $11 35. Rxc6 Rd2) 35. Rd1 $16 Nb7 36. Rxd8+ Nxd8 {[%mdl 4096] Endgame KRN-KRN} 37. Rc3 Nb7 38. Ne2 c5 39. Nc1 $1 Rd6 40. Nxb3 Rb6 41. g4 Rb4 42. Kg2 g6 43. Nxc5 Nxc5 44. Rxc5 Rxb2 {KR-KR} 45. h4 {[%cal Bh3h4,Bh4h5][%mdl 32]} Kg7 46. Kg3 Re2 47. Kf3 Re1 48. Kf4 Rh1 49. h5 g5+ 50. Ke4 Rf1 51. f3 Re1 52. Rb5 Re2 53. Rb3 Kf6 54. Ra3 Re1 55. Ra6+ Kg7 56. Ra5 Re2 57. Rf5 Re1 58. Re5 Kf6 {[%cal Oe1e3]} 59. Re8 Kg7 60. Kf5 (60. Rb8 $16) 60... Rf1 $11 61. f4 Rf2 62. Rd8 Rf1 63. Rd7 Rf2 (63... gxf4 {seems wilder.} 64. e4 f3 65. Rd2 f2 66. Rb2 Kf8) 64. Ke4 gxf4 65. exf4 Re2+ 66. Kf5 ({White should play} 66. Kf3 $1 $16 {[%cal Rf3e2]} Rh2 67. Ke4) 66... Rf2 67. Rd5 Rf1 68. Ra5 Rh1 69. Ra6 Rb1 70. Rd6 Rb5+ 71. Ke4 Rb4+ 72. Rd4 Rb1 73. Kf5 Rb5+ 74. Ke4 Rb1 $1 75. Rd5 ({White should try} 75. Rd3 $16) 75... Re1+ (75... Rg1 $1 $11 {remains equal.}) 76. Kf3 $1 $16 Rf1+ 77. Kg3 $1 Rg1+ {[#]} 78. Kh3 $1 Rf1 79. Rd4 Rf3+ 80. Kh4 (80. Kg2 $16 Rc3 81. Rd7) 80... f6 $11 81. Rc4 Kf7 82. f5 Ra3 83. Rc7+ Kg8 $1 84. Rc1 Kg7 85. Rg1 Kf7 86. Rg3 Ra1 87. Kh3 Rh1+ 88. Kg2 Ra1 89. Re3 Ra2+ 90. Kf3 Ra4 91. Re4 Ra3+ 92. Kf4 Ra1 93. Rc4 Re1 94. Kf3 Re7 95. Rc6 Kg7 96. Re6 Ra7 97. Ke4 Ra4+ 98. Kd5 ({Much less strong is} 98. Kf3 $6 Kf7 99. Kg3 Rc4 $16) 98... Ra5+ 99. Kc6 Ra6+ 100. Kb5 Ra7 101. Rb6 Rc7 102. Rc6 Ra7 103. Rc4 Rd7 104. Kc6 Rd1 105. Kc5 Kf7 106. Rd4 Rc1+ 107. Kd6 Ra1 108. Kd5 Ra5+ 109. Kc6 Ra6+ 110. Kb5 Ra1 111. Rd7+ Kg8 112. Kc5 Ra4 (112... Rb1 $11) 113. Rd4 (113. Kd5 $1 $14 {feels stronger.}) 113... Ra1 114. Rd8+ Kf7 115. Rd7+ Kg8 $1 116. Kd6 {Hoping for Ke7.} Ra6+ $2 {[#]} (116... Re1 $1 $11) 117. Ke7 $2 (117. Kd5 $1 $18) 117... Kg7 {The position is equal.} 118. Rc7 Rb6 119. Ra7 Rc6 120. Ke8+ Kg8 121. Kd7 Rb6 $1 122. Kc7 Rb4 123. Kd6 Re4 124. Re7 Ra4 125. Rc7 Re4 126. Kd5 Re5+ 127. Kc6 Re4 128. Kd6 Re1 129. Re7 Ra1 130. Re6 Kf7 131. Re7+ Kg8 132. Re4 {Weighted Error Value: White=0.11 (very precise) /Black=0.13 (very precise)} 1/2-1/2

[Event "Charity Cup MCCT Prel 2022"]
[Site "Online"]
[Date "2022.03.15"]
[Round "4.4"]
[White "Vidit, Santosh Gujrathi"]
[Black "Praggnanandhaa R"]
[Result "1/2-1/2"]
[WhiteElo "2727"]
[BlackElo "2612"]
[Annotator "TA"]
[PlyCount "88"]
[EventDate "2022.03.18"]
[EventType "tourn"]
[EventCountry "NET"]
[SourceTitle "playchess.com"]
[Source "ChessBase"]
[SourceQuality "1"]

{[%evp 23,88,30,21,25,15,14,6,10,22,7,14,11,18,12,23,22,20,21,22,20,19,18,16,16,12,17,14,14,17,1,1,2,14,14,14,14,20,8,5,0,0,0,0,0,0,0,0,0,0,-6,-6,-6,-4,-4,-4,-4,-4,-4,0,0,0,0,0,0,0,0,0]} 1. d4 Nf6 2. c4 e6 3. Nf3 d5 4. g3 dxc4 5. Bg2 c5 6. O-O Nc6 7. dxc5 Qxd1 8. Rxd1 Bxc5 9. Nbd2 c3 10. bxc3 {[%cal Bb2c3,Bc3c4][%mdl 32]} O-O 11. Nb3 Be7 12. c4 Bd7 13. Bb2 {E04: Open Catalan: 5 Nf3.} Rfc8 14. c5 Be8 15. Nfd2 b6 16. cxb6 axb6 17. Nc4 Rab8 18. Nd6 Bxd6 19. Rxd6 Na5 {The position is equal.} 20. Nxa5 bxa5 21. Be5 Rb4 22. Rad1 {[#] Threatens to win with Rd8.} h6 23. Bf3 {And now Rd8 would win. A strong pair of Bishops.} Kh7 24. Rd8 {[#]} Rxd8 $146 ({Predecessor:} 24... Rbc4 25. a3 Nd5 26. Rxc8 Rxc8 27. Rb1 f6 28. Bd4 Nc3 29. Rb3 Nb5 30. Bb2 Nd6 {1-0 (63) Predke,A (2666)-Tari,A (2646) Riga 2021}) 25. Rxd8 Bb5 26. Ra8 Ra4 $1 27. Bc3 Rxa2 28. Rxa5 Rxa5 29. Bxa5 $11 {[%mdl 4096] Endgame KBB-KBN} Bc4 30. Bc3 Bd5 31. Bxf6 Bxf3 32. Bxg7 Bxe2 {KB-KB} 33. Bb2 Bc4 34. f4 h5 35. Kf2 Kg6 36. h4 Kf5 37. Bc3 f6 38. Ke3 e5 39. fxe5 fxe5 40. Bb2 e4 41. Bc3 Bb3 42. Bb2 Bc4 43. Bc3 Bb3 44. Bb2 Bc4 {A rather calm draw.  Weighted Error Value: White=0.02 (flawless) /Black=0.01 (flawless)} 1/2-1/2

[Event "Charity Cup MCCT Prel 2022"]
[Site "Online"]
[Date "2022.03.15"]
[Round "4.6"]
[White "Harikrishna, Pentala"]
[Black "Rapport, Richard"]
[Result "1/2-1/2"]
[WhiteElo "2719"]
[BlackElo "2762"]
[Annotator "TA"]
[PlyCount "72"]
[EventDate "2022.03.18"]
[EventType "tourn"]
[EventCountry "NET"]
[SourceTitle "playchess.com"]
[Source "ChessBase"]
[SourceQuality "1"]

{[%evp 31,72,29,43,5,11,18,23,0,37,28,16,17,19,16,43,0,0,0,5,0,0,0,6,0,7,9,3,8,8,0,0,0,0,0,0,0,0,0,0,0,0,0,0]} 1. e4 e5 2. Nf3 Nc6 3. Bb5 {[%cal Bf1b5,Bb5a4,Ba4b3][%mdl 32]} a6 4. Ba4 Nf6 5. O-O Be7 6. Re1 b5 7. Bb3 d6 8. c3 O-O 9. h3 Na5 10. Bc2 c5 11. d4 Qc7 12. Nbd2 cxd4 13. cxd4 Nc6 14. Nb3 a5 {[%cal Ba6a5,Ba5a4][%mdl 32]} 15. Be3 a4 16. Nbd2 Bd7 17. a3 {C99: Closed Ruy Lopez: Chigorin Defence: 11 d4 Qc7 12 Nbd2 cxd4.} Qb7 18. Bd3 Rfe8 19. Rc1 {White has an edge.} Bd8 20. dxe5 Nxe5 21. Nxe5 dxe5 22. Qe2 {[#]} g6 $146 ({Predecessor:} 22... Ba5 23. Red1 Rac8 24. b4 Bb6 25. Rxc8 Rxc8 26. Bxb6 Qxb6 27. Nf3 Rc3 28. Nxe5 Be8 {1-0 (36) Agdestein,S (2560)-Marn,J (2366) Nova Gorica 2020}) 23. Nf3 Nxe4 {The position is equal.} 24. Nxe5 Nc3 25. Qc2 Rxe5 26. Qxc3 Re6 27. Red1 Ba5 28. b4 axb3 29. Qxb3 {[%cal Od3c4] [#] Black must now prevent Bc4!} Bb6 30. Bh6 Bxf2+ 31. Kxf2 Qb6+ 32. Kg3 $1 {Strongly threatening Kh2.} Qd6+ 33. Kf2 {[%cal Od3e4]} Qd4+ (33... Rf6+ $2 34. Kg1 Qd4+ 35. Kh1 $18) 34. Kg3 {[#] And now Bf1 would win.} Qd6+ 35. Kf2 {[%cal Od3e4] Threatens to win with Be4!} Qb6+ (35... Rf6+ $2 36. Kg1 Qd4+ 37. Kh1 $18) 36. Kg3 $1 {aiming for Kh2.} Qd6+ {An interesting draw.  Weighted Error Value: White=0.07 (flawless) /Black=0.06 (flawless)} 1/2-1/2

[Event "Charity Cup MCCT Prel 2022"]
[Site "Online"]
[Date "2022.03.15"]
[Round "4.7"]
[White "Hansen, Eric"]
[Black "Navara, David"]
[Result "1-0"]
[WhiteElo "2606"]
[BlackElo "2700"]
[Annotator "TA"]
[PlyCount "145"]
[EventDate "2022.03.18"]
[EventType "tourn"]
[EventCountry "NET"]
[SourceTitle "playchess.com"]
[Source "ChessBase"]
[SourceQuality "1"]

{[%evp 13,145,19,50,25,30,31,31,21,29,11,17,-10,0,-5,19,21,32,37,29,24,31,20,41,22,34,25,36,36,38,34,36,24,31,25,25,12,36,13,26,14,13,20,35,14,23,0,0,0,0,-42,-56,-53,-29,-16,-19,-22,0,-6,0,-55,-57,-57,-69,-156,-79,-106,-95,-386,-384,-354,-343,-375,-371,-342,-101,-102,-142,-122,0,0,0,0,0,0,0,0,0,-1232,-629,-1127,-1029,-591,0,-1097,-1033,-794,-753,-749,-741,-727,-597,-2440,0,0,0,0,0,0,29950,29962,29957,29960,29961,29966,29954,29967,29969,29969,12806,800,770,770,793,786,725,582,29982,29983,29983,29984,29988,29989,29989,29990]} 1. e4 c5 2. Nf3 d6 3. Bb5+ Bd7 4. Bxd7+ Qxd7 5. c4 Nf6 6. Nc3 Nc6 7. O-O Nd4 8. d3 {B52: Sicilian: Moscow Variation with 3...Bd7.} Nxf3+ 9. Qxf3 g6 10. Rb1 $5 {[%mdl 4] White is slightly better. Leaves trodden paths.} Bg7 11. b4 Ng4 12. Bd2 Ne5 {[%cal Bg4e5,Be5c6,Bc6d4][%mdl 32]} 13. Qg3 {[#]} h5 $146 ({Predecessor:} 13... cxb4 14. Rxb4 O-O 15. f4 Nc6 16. Rbb1 f5 17. h4 Rab8 18. h5 Qe8 19. hxg6 Qxg6 {1-0 (42) Sosna,J (2295)-Lechtynsky,J (2415) Zlin 1996}) 14. h3 h4 15. Qe3 Nc6 16. a3 Nd4 17. Rfc1 Rc8 18. Kh1 e6 19. f4 f5 20. Be1 {[%cal Bd2e1,Be1f2,Bf2e3][%mdl 32]} Kf7 21. Bf2 b6 22. Qe1 Bh6 23. Be3 Qe7 24. a4 fxe4 25. dxe4 Rhf8 26. bxc5 dxc5 27. a5 Kg8 28. axb6 axb6 29. f5 Bxe3 30. Qxe3 gxf5 {[%cal Bg6f5,Bf5f4][%mdl 32]} 31. Rxb6 (31. Rf1 $11) 31... f4 $1 $15 32. Qf2 Qg5 (32... f3 $5 {[%cal Rg8h8]}) 33. Rg1 Qg3 34. Qb2 Rc7 {White must now prevent ...Rg7.} 35. Ne2 Qf2 $36 {[%mdl 2048] Black is more active.} 36. Nxd4 (36. Rb8 $11 Nxe2 37. Rxf8+ Kxf8 38. Qf6+ (38. Qb8+ $2 Kf7 $19) 38... Ke8 39. Qxe6+ Kf8 40. Ra1 Ng3+ 41. Kh2 Nf1+ 42. Kh1 Ng3+ 43. Kh2 Nf1+ 44. Kh1 Ng3+) 36... Qxb2 (36... Qxd4 37. Qxd4 (37. Qe2 Rg7 $11) 37... cxd4 38. Rxe6 $11) 37. Rxb2 cxd4 $11 {[%mdl 4096] Endgame KRR-KRR} 38. Rb4 (38. Rb6 $15) 38... Rfc8 ({Better is} 38... Rd8 $1 {Threatens to win with ...Kg7.} 39. Rd1 Kg7) 39. Rc1 Kf7 {And now ...Kf6 would win.} 40. Kg1 $2 {[%mdl 8192]} (40. c5 $17 {is a better defense.}) 40... Kf6 $19 41. Kf2 Ke5 42. Kf3 Rc5 43. Rcb1 Rg8 $2 ({Inferior is} 43... Rxc4 44. Rxc4 Rxc4 45. Rb5+ Kd6 46. Kxf4 $15) (43... d3 $19 {and Black stays clearly on top.} 44. Rb5 Kd4) 44. Rb5 $17 Rg3+ 45. Kf2 Rxb5 (45... Kd6 $1 $17 46. R1b4 Rc3) 46. cxb5 $11 Kxe4 $17 {Hoping for ...f3. KR-KR} 47. b6 {White wants to mate with b7.} Rg8 48. b7 Rb8 49. Ke2 e5 {...Kd5 is the strong threat.} 50. Rb4 $2 {[%mdl 8192]} (50. Rb5 $11) 50... Kd5 $19 51. Rb5+ Kc4 $1 52. Rb6 d3+ $2 (52... Kc5 $1 $19 {[%cal Rc5b6]} 53. Rb2 Kc6 54. Rc2+ Kxb7) 53. Kf3 $2 {[%mdl 8192]} (53. Kd2 $11) 53... Kc5 54. Rb1 Kd4 {aiming for ...e4+.} 55. Rb6 e4+ 56. Kxf4 Rf8+ 57. Kg4 e3 $2 ({Black should try} 57... d2 $19 58. Rb4+ Kc5) 58. Rd6+ $1 $11 ({Don't go for} 58. Rb4+ $2 Kc3 59. b8=Q Rxb8 60. Rxb8 e2 61. Rc8+ Kd2 $19) 58... Ke4 59. Re6+ Kd4 {( -> ...d2)} 60. Rd6+ Kc4 $2 {[%mdl 8192] [#]} (60... Ke5 $11 61. Rxd3 Ke4) 61. Rc6+ $1 Kd5 {[#]} 62. Rc8 $1 d2 63. Rxf8 d1=Q+ {KQ-KR} 64. Kg5 e2 65. b8=Q ({Not} 65. Rd8+ Kc6 66. b8=Q (66. Rxd1 exd1=Q 67. b8=Q Qe1 $16) 66... Qxd8+ 67. Qxd8 e1=Q 68. Qa8+ Kc7 $16) 65... Qd2+ 66. Kh5 {White threatens Qd8+ and mate.} e1=Q 67. Qb5+ Kd4 68. Rd8+ Ke4 69. Qc4+ Ke3 70. Re8+ {White mates.} Kf2 71. Qxh4+ Kxg2 72. Rxe1 Qd5+ 73. Qg5+ {Weighted Error Value: White=0.63/Black=0.48} 1-0

[Event "Charity Cup MCCT Prel 2022"]
[Site "Online"]
[Date "2022.03.15"]
[Round "4.8"]
[White "Ding, Liren"]
[Black "Carlsen, Magnus"]
[Result "1-0"]
[WhiteElo "2799"]
[BlackElo "2865"]
[Annotator "TA"]
[PlyCount "97"]
[EventDate "2022.03.18"]
[EventType "tourn"]
[EventCountry "NET"]
[SourceTitle "playchess.com"]
[Source "ChessBase"]
[SourceQuality "1"]

{[%evp 20,97,35,29,32,22,28,21,30,25,114,116,117,127,117,114,111,97,89,104,100,95,163,156,160,131,179,129,110,102,103,115,142,134,154,155,188,178,250,230,237,187,342,349,344,213,199,100,100,100,100,100,100,100,100,100,100,114,29964,29965,29975,29948,29953,29941,7138,5907,29968,4618,29977,29973,29982,29983,29984,29985,29986,29986,29986,29987,29988,29989]} 1. d4 Nf6 2. c4 g6 3. f3 e6 4. e4 c5 5. d5 d6 6. Nc3 exd5 7. cxd5 Bg7 8. Bg5 h6 9. Be3 a6 10. a4 O-O 11. Qd2 Re8 {A65: Modern Benoni: 6 e4.} 12. Bc4 $5 {[%mdl 4] A promising side line.} Nbd7 13. Be2 {[#]} ({But not} 13. Bxh6 Nxe4 $1 14. Nxe4 Qh4+ 15. g3 Rxe4+ 16. Kd1 Bxh6 $1 $17) 13... Ne5 $146 {The position is equal.} ({Predecessor:} 13... Nh7 14. Nh3 Ne5 15. Nf2 h5 16. O-O f5 17. a5 Nf6 18. exf5 Bxf5 19. Na4 Qe7 20. Ra3 Qf7 21. Nb6 Rab8 22. Rd1 Nfd7 23. Nxd7 Qxd7 24. b4 c4 25. f4 {½-½ (25) Ionescu,C (2535)-Marin,M (2540) Bucharest 1995}) 14. Bxh6 Nxe4 15. Nxe4 $16 Qh4+ 16. g3 Qxh6 17. Qxh6 (17. Nf6+ {feels hotter.} Kf8 18. Qxh6 Bxh6 19. Nxe8 Kxe8 20. f4) 17... Bxh6 18. Nf6+ Kf8 {And now ...Re7 would win.} 19. Nxe8 Kxe8 20. h4 {[%cal Bh2h4,Bh4h5][%mdl 32]} Bd7 (20... Bg7 $16) 21. h5 g5 22. Nh3 g4 {[#]} (22... Kf8 $16 {is a better defense.}) 23. fxg4 ({White should play} 23. f4 $1 $18) 23... Nxg4 24. Bxg4 (24. Ra3 {looks sharper.} Ne3 25. Kf2 Nc2 26. Rf3 Ke7 27. Nf4) 24... Bxg4 25. Nf4 Kd7 26. Kf2 Bg7 27. Kg2 Bf5 28. Kf3 {To avoid Be4+} Bxb2 {[#]} (28... Bh7 $142 29. h6 Bd4) 29. Rab1 $1 $18 {[%mdl 512]} Bxb1 30. Rxb1 {[%mdl 4096] Endgame KRB-KRN} Be5 (30... Bd4 {might work better.}) 31. Rxb7+ Ke8 32. g4 Rc8 33. g5 (33. Rb6 $18) 33... c4 $16 {[#]} 34. g6 $1 fxg6 35. hxg6 {aiming for g7.} ({Don't play} 35. Nxg6 Bf6 $15) 35... Kf8 {To avoid g7+} 36. Ne6+ Kg8 {[#] Threatens to win with ...c3.} 37. Ke2 $1 {White is more active.} c3 {( -> ...c2)} 38. Kd1 a5 $2 {[%mdl 8192] This costs Black the game.} (38... c2+ $16 39. Kc1 a5) 39. Kc2 Ra8 40. Rb5 Bf6 41. Rb6 Be5 42. Rb7 {White wants to mate with Rc7.} Bf6 43. Rc7 (43. Rf7 $142 Be5 44. Rd7 Bg3 45. Kxc3 Kh8 46. Kd3 Re8 47. Ke4 Kg8 48. Kf5) 43... Be5 44. Kd3 {White mates.} Bf6 45. Ke4 Be5 46. Kf5 Rb8 47. Kg5 Ra8 48. Kh6 Re8 49. g7 {Weighted Error Value: White=0.11 (very precise) /Black=0.72} 1-0

[Event "Charity Cup MCCT Prel 2022"]
[Site "Online"]
[Date "2022.03.15"]
[Round "5.1"]
[White "Carlsen, Magnus"]
[Black "Niemann, Hans Moke"]
[Result "1-0"]
[WhiteElo "2865"]
[BlackElo "2642"]
[Annotator "TA"]
[PlyCount "71"]
[EventDate "2022.03.18"]
[EventType "tourn"]
[EventCountry "NET"]
[SourceTitle "playchess.com"]
[Source "ChessBase"]
[SourceQuality "1"]

{[%evp 19,71,0,0,0,0,0,8,1,0,0,0,-2,0,0,0,0,0,0,0,-8,106,95,97,97,92,92,207,213,206,198,195,183,221,189,277,261,276,273,341,301,303,303,380,378,375,383,383,383,375,368,425,364,376,368]} 1. e4 e5 2. Nf3 Nc6 3. Bb5 {[%cal Bf1b5,Bb5a4,Ba4b3][%mdl 32]} a6 4. Ba4 Nf6 5. O-O Nxe4 6. d4 b5 7. Bb3 d5 8. dxe5 Be6 9. c3 Bc5 10. Nbd2 {[%cal Bb1d2,Bd2f1,Bf1e3,Be3f5][%mdl 32]} O-O 11. Bc2 {C82: Open Ruy Lopez: 9 c3 without 9...Be7.} Nxf2 12. Rxf2 Bxf2+ 13. Kxf2 {Threatening Nb3. The position is equal.} f6 {[%cal Bf7f6,Bf6e5,Be5e4][%mdl 32]} 14. Kg1 $5 {[%mdl 4] 14.Nf1 is becoming the main line. Leaves trodden paths.} fxe5 15. Nf1 {[%cal Oc2h7] Strongly threatening Bxh7+!} Qd6 16. Bg5 e4 17. Nd4 Ne5 18. Ne3 {Prevents Bg4.} Bd7 {[#]} 19. Bh4 $5 $146 {[%mdl 8] An interesting novelty.} ({Predecessor:} 19. Ne2 Bc6 20. Qd4 Rae8 21. Bf4 Qe6 22. Bxe5 Qxe5 23. Bb3 Kh8 24. Qxe5 Rxe5 25. Rd1 {½-½ (49) Brus,B-Vaassen,J Netherlands 1991}) 19... Qh6 {[#]} (19... c6 $11 {keeps the balance.}) 20. Ndf5 $1 {[%mdl 512] Black is now going downhill.} Bxf5 21. Nxf5 Nf3+ 22. Qxf3 $1 {Dancing on a razor blade.} Qb6+ {[#]} (22... Qxh4 $16 23. Nxh4 exf3) 23. Qe3 $1 $18 ({Weaker is} 23. Bf2 Qf6 24. Qe2 (24. Bxe4 $2 dxe4 25. Qxe4 Qxf5 $19) 24... Qxf5 $14) 23... Rxf5 24. Qxb6 cxb6 25. Bf2 Rb8 26. Rd1 {[%mdl 1024] White has strong compensation.} Kf7 (26... Rbf8 {was worth a try.} 27. Bxb6 Kf7) 27. Bb3 Ke6 28. Rd4 Ke7 {Threatens to win with ...Rbf8.} 29. Rxd5 ({And not} 29. Bxd5 Rbf8 30. Bh4+ (30. Rxe4+ $2 Kd6 $17) 30... g5 31. Bxg5+ (31. Rxe4+ $2 Kd6 $19) 31... Rxg5 32. Rxe4+ Kd6 $17) 29... Rxd5 30. Bxd5 b4 31. cxb4 Rc8 32. Bxb6 Rc1+ 33. Kf2 Rc2+ 34. Kg3 Rxb2 35. Bxe4 Ke6 36. Ba5 {Weighted Error Value: White=0.07 (flawless) /Black=0.31} 1-0